| 000 | 005250000a22001690004500 | ||
|---|---|---|---|
| 003 | MACL | ||
| 005 | 20160227170608.0 | ||
| 008 | 160227b xxu||||| |||| 00| 0 eng d | ||
| 040 |
_aMACL _cMACL |
||
| 082 | _a800 | ||
| 100 |
_aअग्रवाल श्री वासुदेवशरण _938097 |
||
| 245 | _aपथिवी पुत्री | ||
| 260 |
_bराम प्रसाद एण्ड सन्स _c1960 _aआगरा |
||
| 350 | _a5 | ||
| 650 |
_aLiterature _941097 |
||
| 942 |
_cHIN _k800 _2ddc |
||
| 999 |
_c25559 _d25559 |
||